[Event "Bruges Masters 2019"]
[Site "Bruges"]
[Date "2019.08.14"]
[Round "7.7"]
[White "Larsen, Harald"]
[Black "Bekker, Stefan"]
[Result "1/2-1/2"]
[WhiteElo "1991"]
[BlackElo "2272"]
[Annotator "ChessBase"]
[PlyCount "200"]
[EventDate "2019.08.11"]
[EventType "swiss"]
[EventCountry "BEL"]
[SourceTitle "playchess.com"]
[Source "ChessBase"]
[SourceQuality "1"]
[TimeControl "5400+30"]

1. e4 {[%emt 0:00:06]} c5 {[%emt 0:03:59]} 2. Nf3 {[%emt 0:00:23]} d6 {[%emt 0:00:06]} 3. Bb5+ {[%emt 0:00:15]} Nd7 {[%emt 0:00:07]} 4. d4 {[%emt 0:00:04]} a6 {[%emt 0:00:05]} 5. Bxd7+ {[%emt 0:00:13]} Qxd7 {[%emt 0:00:10]} 6. O-O {[%emt 0:02:01]} Nf6 {[%emt 0:00:38]} 7. Nc3 {[%emt 0:10:55]} e6 {[%emt 0:00:15]} 8. dxc5 {[%emt 0:03:09]} dxc5 {[%emt 0:01:10]} 9. Qe2 {[%emt 0:02:56]} b5 {[%emt 0:01:05]} 10. Rd1 {[%emt 0:00:19]} Qc7 {[%emt 0:06:02]} 11. Bg5 {[%emt 0:06:26]} Bb7 {[%emt 0:05:00]} 12. Bh4 {[%emt 0:15:59]} b4 {[%emt 0:12:25]} 13. Bg3 {[%emt 0:06:09]} Qc8 {[%emt 0:00:43]} 14. Nd5 {[%emt 0:01:28]} exd5 {[%emt 0:07:57]} 15. exd5+ {[%emt 0:00:12]} Kd8 {[%emt 0:00:08]} 16. Ne5 {[%emt 0:02:30]} Qf5 {[%emt 0:01:05]} 17. Nxf7+ {[%emt 0:01:32]} Kd7 {[%emt 0:01:19]} 18. Qe6+ {[%emt 0:17:44]} Qxe6 {[%emt 0:02:54]} 19. dxe6+ {[%emt 0:00:04]} Kxe6 {[%emt 0:00:29]} 20. Nxh8 {[%emt 0:00:51]} Bd5 {[%emt 0:00:40]} 21. Re1+ {[%emt 0:00:24]} Kd7 {[%emt 0:01:14]} 22. a3 {[%emt 0:08:37]} Bd6 {[%emt 0:03:47]} 23. Bxd6 {[%emt 0:00:26]} Kxd6 {[%emt 0:00:08]} 24. axb4 {[%emt 0:00:02]} cxb4 {[%emt 0:00:11]} 25. f3 {[%emt 0:05:09]} a5 {[%emt 0:00:23]} 26. b3 {[%emt 0:03:29]} Rxh8 {[%emt 0:12:20]} 27. Rxa5 {[%emt 0:00:07]} Bc6 {[%emt 0:03:25]} 28. Ra7 {[%emt 0:01:16]} Rg8 {[%emt 0:00:30]} 29. Ree7 {[%emt 0:03:32]} Bd7 {[%emt 0:01:44]} 30. Re2 {[%emt 0:00:19]} Nd5 {[%emt 0:01:28]} 31. Rd2 {[%emt 0:00:11]} Bc6 {[%emt 0:00:05]} 32. Kf2 {[%emt 0:00:58]} h5 {[%emt 0:00:29]} 33. Rf7 {[%emt 0:00:47]} Ke6 {[%emt 0:00:23]} 34. Ra7 {[%emt 0:00:18]} g6 {[%emt 0:04:26]} 35. Ra6 {[%emt 0:00:37]} Kd6 {[%emt 0:01:50]} 36. Ra7 {[%emt 0:01:00]} Re8 {[%emt 0:03:54]} 37. Re2 {[%emt 0:00:29]} Rf8 {[%emt 0:04:22]} 38. Rd2 {[%emt 0:00:26]} Rf6 {[%emt 0:00:14]} 39. Ra6 {[%emt 0:00:52]} Rf7 {[%emt 0:03:49]} 40. Rd4 {[%emt 0:02:10]} Rc7 {[%emt 0:04:36]} 41. Rd2 {[%emt 0:01:00]} Rd7 {[%emt 0:01:13]} 42. Rd4 {[%emt 0:01:44]} Kc7 {[%emt 0:02:19]} 43. Ra7+ {[%emt 0:01:09]} Bb7 {[%emt 0:00:10]} 44. Ra5 {[%emt 0:00:31]} Kb6 {[%emt 0:00:33]} 45. Ra1 {[%emt 0:00:01]} Rc7 {[%emt 0:00:55]} 46. Rd2 {[%emt 0:00:03]} Nc3 {[%emt 0:00:41]} 47. Re1 {[%emt 0:00:09]} Bc8 {[%emt 0:01:12]} 48. Rd4 {[%emt 0:00:57]} Na2 {[%emt 0:02:00]} 49. Rd2 {[%emt 0:01:02]} Bf5 {[%emt 0:00:10]} 50. c4 {[%emt 0:00:46]} Nc3 {[%emt 0:01:06]} 51. Ra1 {[%emt 0:00:22]} Rf7 {[%emt 0:02:02]} 52. Ke1 {[%emt 0:00:19]} h4 {[%emt 0:00:19]} 53. h3 {[%emt 0:00:04]} Re7+ {[%emt 0:01:17]} 54. Kf2 {[%emt 0:00:15]} Re8 {[%emt 0:00:08]} 55. Rd6+ {[%emt 0:00:30]} Kb7 {[%emt 0:00:26]} 56. Rd2 {[%emt 0:00:21]} Re5 {[%emt 0:00:07]} 57. Kf1 {[%emt 0:01:31]} Re3 {[%emt 0:01:16]} 58. Kf2 {[%emt 0:00:15]} Re6 {[%emt 0:01:42]} 59. Kf1 {[%emt 0:00:08]} Ra6 {[%emt 0:00:38]} 60. Rxa6 {[%emt 0:00:33]} Kxa6 {[%emt 0:00:05]} 61. Ke1 {[%emt 0:01:11]} Bb1 {[%emt 0:00:27]} 62. Rd6+ {[%emt 0:00:27]} Ka5 {[%emt 0:00:30]} 63. Kd2 {[%emt 0:00:32]} Bf5 {[%emt 0:00:38]} 64. Rd4 {[%emt 0:00:50]} Nb1+ {[%emt 0:01:12]} 65. Kc1 {[%emt 0:00:11]} Nc3 {[%emt 0:00:17]} 66. Kd2 {[%emt 0:01:29]} Kb6 {[%emt 0:00:39]} 67. Rxh4 {[%emt 0:00:12]} Nb1+ {[%emt 0:00:05]} 68. Kc1 {[%emt 0:00:10]} Kc5 {[%emt 0:02:09]} 69. Rf4 {[%emt 0:00:13]} Nc3 {[%emt 0:00:12]} 70. Kd2 {[%emt 0:01:32]} Kd6 {[%emt 0:00:10]} 71. Rd4+ {[%emt 0:00:16]} Kc5 {[%emt 0:01:04]} 72. Rd8 {[%emt 0:00:11]} Nb1+ {[%emt 0:00:08]} 73. Kc1 {[%emt 0:00:35]} Nc3 {[%emt 0:00:19]} 74. g4 {[%emt 0:00:08]} Be6 {[%emt 0:00:23]} 75. Kd2 {[%emt 0:00:39]} Nb1+ {[%emt 0:00:28]} 76. Kd3 {[%emt 0:00:17]} g5 {[%emt 0:02:21]} 77. Re8 {[%emt 0:00:24]} Kd6 {[%emt 0:00:11]} 78. c5+ {[%emt 0:00:16]} Kd7 {[%emt 0:00:13]} 79. Rb8 {[%emt 0:00:15]} Nc3 {[%emt 0:01:13]} 80. Rb7+ {[%emt 0:01:55]} Kc6 {[%emt 0:00:29]} 81. Rb6+ {[%emt 0:00:08]} Kd5 {[%emt 0:00:16]} 82. Rxb4 {[%emt 0:00:42]} Nd1 {[%emt 0:00:08]} 83. Rb6 {[%emt 0:01:17]} Nf2+ {[%emt 0:00:27]} 84. Ke3 {[%emt 0:00:11]} Nxh3 {[%emt 0:00:04]} 85. Rd6+ {[%emt 0:00:25]} Ke5 {[%emt 0:00:03]} 86. b4 {[%emt 0:00:20]} Bc4 {[%emt 0:00:47]} 87. Rd8 {[%emt 0:00:34]} Nf4 {[%emt 0:00:09]} 88. Re8+ {[%emt 0:01:21]} Kd5 {[%emt 0:00:27]} 89. Rg8 {[%emt 0:00:20]} Ne6 {[%emt 0:00:20]} 90. Rg6 {[%emt 0:00:50]} Bb5 {[%emt 0:00:25]} 91. Rxe6 {[%emt 0:00:47]} Kxe6 {[%emt 0:00:13]} 92. f4 {[%emt 0:00:01]} Be8 {[%emt 0:00:48]} 93. fxg5 {[%emt 0:01:46]} Ke5 {[%emt 0:05:21]} 94. g6 {[%emt 0:00:00]} Bxg6 {[%emt 0:00:00]} 95. c6 {[%emt 0:00:00]} Kd6 {[%emt 0:00:00]} 96. b5 {[%emt 0:00:04]} Bf7 {[%emt 0:00:00]} 97. Kd4 {[%emt 0:00:08]} Bb3 {[%emt 0:00:00]} 98. Kc3 {[%emt 0:00:52]} Be6 {[%emt 0:00:05]} 99. g5 {[%emt 0:00:31]} Kc5 {[%emt 0:00:08]} 100. c7 {[%emt 0:01:15]} Kb6 {[%emt 0:00:06]} 1/2-1/2

[Event "Bruges Masters 2019"]
[Site "Bruges"]
[Date "2019.08.14"]
[Round "7.8"]
[White "Wilschut, Peter"]
[Black "Maugenest, Ghislain"]
[Result "0-1"]
[WhiteElo "2279"]
[BlackElo "2079"]
[Annotator "ChessBase"]
[PlyCount "114"]
[EventDate "2019.08.11"]
[EventType "swiss"]
[EventCountry "BEL"]
[SourceTitle "playchess.com"]
[Source "ChessBase"]
[SourceQuality "1"]
[TimeControl "5400+30"]

1. c4 {[%emt 0:00:00]} c6 {[%emt 0:00:00]} 2. Nf3 {[%emt 0:00:32]} d5 {[%emt 0:00:00]} 3. cxd5 {[%emt 0:00:07]} cxd5 {[%emt 0:00:05]} 4. d4 {[%emt 0:00:06]} Nc6 {[%emt 0:00:51]} 5. Nc3 {[%emt 0:00:08]} Nf6 {[%emt 0:00:16]} 6. Bf4 {[%emt 0:00:06]} e6 {[%emt 0:00:56]} 7. e3 {[%emt 0:00:52]} Be7 {[%emt 0:00:15]} 8. h3 {[%emt 0:01:32]} O-O {[%emt 0:01:34]} 9. Bd3 {[%emt 0:00:13]} a6 {[%emt 0:02:03]} 10. O-O {[%emt 0:00:30]} Nh5 {[%emt 0:05:05]} 11. Bh2 {[%emt 0:01:14]} Bd7 {[%emt 0:00:42]} 12. Ne5 {[%emt 0:09:59]} Nf6 {[%emt 0:00:29]} 13. f4 {[%emt 0:00:47]} b5 {[%emt 0:03:37]} 14. g4 {[%emt 0:05:49]} b4 {[%emt 0:02:21]} 15. Ne2 {[%emt 0:00:32]} Ne4 {[%emt 0:05:01]} 16. Nxd7 {[%emt 0:03:29]} Qxd7 {[%emt 0:03:03]} 17. Rc1 {[%emt 0:02:05]} f5 {[%emt 0:08:51]} 18. Ng3 {[%emt 0:04:00]} Nxg3 {[%emt 0:18:52]} 19. Bxg3 {[%emt 0:00:23]} Na5 {[%emt 0:00:18]} 20. Qe2 {[%emt 0:04:05]} Qb7 {[%emt 0:08:38]} 21. gxf5 {[%emt 0:02:51]} exf5 {[%emt 0:00:26]} 22. b3 {[%emt 0:03:06]} g6 {[%emt 0:03:14]} 23. Rc2 {[%emt 0:00:53]} Rfe8 {[%emt 0:01:02]} 24. Rfc1 {[%emt 0:00:41]} Bd6 {[%emt 0:00:12]} 25. Qf3 {[%emt 0:01:53]} Rad8 {[%emt 0:03:13]} 26. Bh4 {[%emt 0:01:45]} Rd7 {[%emt 0:02:00]} 27. Bf6 {[%emt 0:01:52]} Rc7 {[%emt 0:07:51]} 28. Be5 {[%emt 0:01:14]} Rxc2 {[%emt 0:00:55]} 29. Rxc2 {[%emt 0:00:15]} Rd8 {[%emt 0:02:03]} 30. Qf1 {[%emt 0:10:51]} Nc6 {[%emt 0:03:44]} 31. Bxa6 {[%emt 0:01:49]} Qb6 {[%emt 0:00:45]} 32. Bxd6 {[%emt 0:10:02]} Rxd6 {[%emt 0:00:21]} 33. Be2 {[%emt 0:00:45]} Re6 {[%emt 0:01:53]} 34. Bf3 {[%emt 0:01:00]} Qd8 {[%emt 0:00:32]} 35. Qb5 {[%emt 0:02:01]} Ne7 {[%emt 0:01:04]} 36. Kf2 {[%emt 0:00:26]} g5 {[%emt 0:02:57]} 37. fxg5 {[%emt 0:02:53]} Qd6 {[%emt 0:00:32]} 38. Qf1 {[%emt 0:22:02]} f4 {[%emt 0:01:48]} 39. Bg4 {[%emt 0:00:11]} Re4 {[%emt 0:02:10]} 40. Kg2 {[%emt 0:01:48]} Ng6 {[%emt 0:01:32]} 41. Rc8+ {[%emt 0:00:22]} Kg7 {[%emt 0:00:31]} 42. Qc1 {[%emt 0:00:12]} fxe3 {[%emt 0:04:01]} 43. Qc7+ {[%emt 0:00:19]} Qxc7 {[%emt 0:00:02]} 44. Rxc7+ {[%emt 0:00:06]} Kf8 {[%emt 0:03:05]} 45. Be2 {[%emt 0:01:03]} Nf4+ {[%emt 0:01:02]} 46. Kf1 {[%emt 0:01:56]} Rxd4 {[%emt 0:00:12]} 47. Rc6 {[%emt 0:00:23]} Kg7 {[%emt 0:01:18]} 48. Rf6 {[%emt 0:00:42]} Re4 {[%emt 0:01:16]} 49. Rd6 {[%emt 0:03:05]} d4 {[%emt 0:00:40]} 50. Ke1 {[%emt 0:00:04]} Nxh3 {[%emt 0:00:18]} 51. Rd7+ {[%emt 0:00:57]} Kh8 {[%emt 0:01:09]} 52. Bd3 {[%emt 0:01:19]} Rh4 {[%emt 0:00:13]} 53. g6 {[%emt 0:00:36]} hxg6 {[%emt 0:00:07]} 54. Bxg6 {[%emt 0:00:16]} Nf4 {[%emt 0:00:52]} 55. Be4 {[%emt 0:00:17]} Rg4 {[%emt 0:00:52]} 56. Kf1 {[%emt 0:00:36]} e2+ {[%emt 0:00:24]} 57. Kf2 {[%emt 0:00:04]} Rg1 {[%emt 0:00:20]} 0-1

[Event "Bruges Masters 2019"]
[Site "Bruges"]
[Date "2019.08.14"]
[Round "7.9"]
[White "Citak, Selim"]
[Black "Faure, Stephane"]
[Result "1-0"]
[WhiteElo "2253"]
[BlackElo "2045"]
[Annotator "NA"]
[PlyCount "105"]
[EventDate "2019.08.11"]
[EventType "swiss"]
[EventCountry "BEL"]
[SourceTitle "playchess.com"]
[Source "ChessBase"]
[SourceQuality "1"]
[TimeControl "5400+30"]

1. d4 {[%emt 0:03:42]} Nf6 {[%emt 0:00:00]} 2. c4 {[%emt 0:00:06]} e6 {[%emt 0:00:00]} 3. Nc3 {[%emt 0:00:07]} d5 {[%emt 0:00:02]} 4. Bg5 {[%emt 0:00:12]} Be7 {[%emt 0:00:08]} 5. e3 {[%emt 0:00:15]} O-O {[%emt 0:00:51]} 6. Rc1 {[%emt 0:00:20]} c6 {[%emt 0:02:33]} 7. Nf3 {[%emt 0:00:16]} Nbd7 {[%emt 0:00:27]} 8. Bd3 {[%emt 0:00:19]} dxc4 {[%emt 0:01:48]} 9. Bxc4 {[%emt 0:00:05]} Nd5 {[%emt 0:00:08]} 10. Bxe7 {[%emt 0:00:07]} Qxe7 {[%emt 0:00:30]} 11. O-O {[%emt 0:00:09]} Nxc3 {[%emt 0:00:41]} 12. Rxc3 {[%emt 0:00:07]} e5 {[%emt 0:00:18]} 13. Bb3 {[%emt 0:00:11]} a5 {[%emt 0:11:03] D68: Queen's Gambit Declined: Classical Main Line with 9...Nd5 and 12...e5} (13... e4 14. Nd2 Nf6 15. Qb1 Bf5 16. f4 g6 17. h3 h5 18. a3 Kg7 19. Qe1 Rfc8 20. Ba2 b6 21. Qe2 Rc7 22. Rfc1 {½-½ (61) Peralta,F (2569)-Salinas Herrera,P (2486) Batumi 2018}) 14. d5 $146 {[%emt 0:04:33]} ({Predecessor:} 14. Qc2 g6 15. dxe5 Nxe5 16. Nxe5 Qxe5 17. f4 Qd6 18. e4 a4 19. Bc4 b5 20. Be2 Re8 21. Kh1 Qd4 22. Bf3 Be6 23. Rd1 Qa7 24. Rxc6 {½-½ (24) Garcia,M (2148)-Wosch,A (2288) LSS email 2009}) 14... cxd5 {[%emt 0:00:25]} 15. Qxd5 {[%emt 0:01:14]} e4 {[%emt 0:05:00]} 16. Nd4 {[%emt 0:03:55]} Nf6 {[%emt 0:10:43]} 17. Qg5 {[%emt 0:01:23]} a4 {[%emt 0:00:57]} 18. Bc2 {[%emt 0:10:04]} Qb4 {[%emt 0:05:49]} 19. Qb5 {[%emt 0:05:34]} Qxb5 {[%emt 0:08:51]} 20. Nxb5 {[%emt 0:00:53]} Bd7 {[%emt 0:00:11]} 21. Nd6 {[%emt 0:02:46]} Bc6 {[%emt 0:00:42]} 22. Nf5 {[%emt 0:09:35]} Rfe8 {[%emt 0:03:34]} 23. Rd1 {[%emt 0:00:41]} g6 {[%emt 0:01:29]} 24. Nd4 {[%emt 0:04:12]} Bd7 {[%emt 0:03:04]} 25. Rc7 {[%emt 0:02:37]} Bg4 {[%emt 0:04:15]} 26. Rc1 {[%emt 0:01:58]} b5 {[%emt 0:01:58]} 27. Nxb5 {[%emt 0:02:48]} Reb8 {[%emt 0:00:18]} 28. Nc3 {[%emt 0:13:37]} Rxb2 {[%emt 0:00:30]} 29. Bxa4 {[%emt 0:03:18]} Be6 {[%emt 0:02:59]} 30. Bc2 $14 {[%emt 0:00:54]} Ra3 {[%emt 0:11:00]} 31. Nxe4 {[%emt 0:03:57]} Nd5 {[%emt 0:02:09]} 32. Rc5 {[%emt 0:01:02]} Raxa2 {[%emt 0:01:01]} 33. Bb1 {[%emt 0:01:42]} Ra1 {[%emt 0:00:51]} 34. Bd3 {[%emt 0:00:11]} Rxc1+ {[%emt 0:09:23]} 35. Rxc1 {[%emt 0:00:05]} Bf5 {[%emt 0:00:54]} 36. Nc5 {[%emt 0:03:01]} Bxd3 {[%emt 0:00:41]} 37. Nxd3 {[%emt 0:00:02]} Rd2 {[%emt 0:00:11]} 38. Nc5 {[%emt 0:01:28]} Kg7 {[%emt 0:03:22]} 39. h3 {[%emt 0:00:24]} h5 {[%emt 0:00:27]} 40. Nb3 {[%emt 0:00:17]} Rb2 {[%emt 0:00:48]} 41. Nd4 {[%emt 0:00:04]} Ra2 {[%emt 0:00:44]} 42. Rc2 {[%emt 0:00:21]} Ra1+ {[%emt 0:00:19]} 43. Kh2 {[%emt 0:00:02]} Nf6 {[%emt 0:01:45]} 44. Kg3 {[%emt 0:00:11]} Rg1 {[%emt 0:01:45]} 45. Kf3 {[%emt 0:00:51]} g5 {[%emt 0:00:26]} 46. g3 {[%emt 0:01:51]} Rh1 {[%emt 0:02:05]} 47. h4 {[%emt 0:01:08]} g4+ {[%emt 0:02:11]} 48. Kf4 {[%emt 0:00:06]} Ra1 {[%emt 0:01:17]} 49. Kg5 {[%emt 0:01:49]} Ne4+ {[%emt 0:00:32]} 50. Kxh5 {[%emt 0:01:17]} Rf1 {[%emt 0:00:06]} 51. Kxg4 {[%emt 0:01:19]} Nxf2+ {[%emt 0:00:07]} 52. Kf3 {[%emt 0:00:44]} Nd1+ {[%emt 0:03:13]} 53. Ke2 {[%emt 0:01:31]} 1-0

[Event "Bruges Masters 2019"]
[Site "Bruges"]
[Date "2019.08.14"]
[Round "7.10"]
[White "Douriet Duany, Alexis"]
[Black "Tencati, Giuseppe"]
[Result "1/2-1/2"]
[WhiteElo "2247"]
[BlackElo "2101"]
[Annotator "ChessBase"]
[PlyCount "155"]
[EventDate "2019.08.11"]
[EventType "swiss"]
[EventCountry "BEL"]
[SourceTitle "playchess.com"]
[Source "ChessBase"]
[SourceQuality "1"]
[TimeControl "5400+30"]

1. d4 {[%emt 0:08:46]} Nf6 {[%emt 0:00:00]} 2. Nf3 {[%emt 0:00:07]} d5 {[%emt 0:00:19]} 3. c4 {[%emt 0:00:10]} c6 {[%emt 0:00:20]} 4. g3 {[%emt 0:00:07]} g6 {[%emt 0:00:42]} 5. Bg2 {[%emt 0:00:10]} Bg7 {[%emt 0:00:18]} 6. O-O {[%emt 0:00:02]} O-O {[%emt 0:00:52]} 7. Ne5 {[%emt 0:02:54]} Nfd7 {[%emt 0:08:55]} 8. Nxd7 {[%emt 0:03:11]} Nxd7 {[%emt 0:04:39]} 9. cxd5 {[%emt 0:00:11]} cxd5 {[%emt 0:00:05]} 10. Nc3 {[%emt 0:00:25]} Nb6 {[%emt 0:16:52]} 11. a4 {[%emt 0:00:14]} e6 {[%emt 0:08:38]} 12. b3 {[%emt 0:00:14]} Bd7 {[%emt 0:08:27]} 13. Ba3 {[%emt 0:01:30]} Re8 {[%emt 0:00:04]} 14. Rc1 {[%emt 0:00:13]} a5 {[%emt 0:04:16]} 15. e3 {[%emt 0:03:06]} Nc8 {[%emt 0:21:46]} 16. Qd2 {[%emt 1:16:40]} Na7 {[%emt 0:00:25]} 17. Rc2 {[%emt 0:00:00]} Rc8 {[%emt 0:00:29]} 18. Rfc1 {[%emt 0:00:00]} Bf8 {[%emt 0:04:09]} 19. Bxf8 {[%emt 0:00:00]} Rxf8 {[%emt 0:00:01]} 20. Bf1 {[%emt 0:00:00]} Qb6 {[%emt 0:01:29]} 21. Bd3 {[%emt 0:00:00]} Qb4 {[%emt 0:01:58]} 22. Kg2 {[%emt 0:00:00]} Rc7 {[%emt 0:02:50]} 23. Qd1 {[%emt 0:00:00]} Rcc8 {[%emt 0:01:14]} 24. Ne2 {[%emt 0:00:00]} Rxc2 {[%emt 0:00:27]} 25. Qxc2 {[%emt 0:00:00]} Rc8 {[%emt 0:00:06]} 26. Qb1 {[%emt 0:00:00]} Rxc1 {[%emt 0:00:59]} 27. Nxc1 {[%emt 0:00:00]} b5 {[%emt 0:04:59]} 28. axb5 {[%emt 0:00:00]} Bxb5 {[%emt 0:00:21]} 29. Qc2 {[%emt 0:00:00]} a4 {[%emt 0:01:58]} 30. bxa4 {[%emt 0:00:00]} Qxa4 {[%emt 0:00:17]} 31. Qc7 {[%emt 0:00:00]} Qa3 {[%emt 0:00:54]} 32. Bxb5 {[%emt 0:00:00]} Nxb5 {[%emt 0:00:04]} 33. Qb8+ {[%emt 0:00:00]} Kg7 {[%emt 0:00:05]} 34. Ne2 {[%emt 0:00:00]} Nd6 {[%emt 0:01:47]} 35. Nf4 {[%emt 0:00:00]} Ne4 {[%emt 0:02:50]} 36. Qe5+ {[%emt 0:00:00]} Kg8 {[%emt 0:00:12]} 37. Nxe6 {[%emt 0:00:00]} fxe6 {[%emt 0:00:01]} 38. Qxe6+ {[%emt 0:00:00]} Kg7 {[%emt 0:00:07]} 39. Qxd5 {[%emt 0:00:00]} Qe7 {[%emt 0:01:54]} 40. Qe5+ {[%emt 0:00:00]} Qxe5 {[%emt 0:00:10]} 41. dxe5 {[%emt 0:00:00]} Kf7 {[%emt 0:00:20]} 42. f3 {[%emt 0:00:00]} Nc5 {[%emt 0:01:09]} 43. f4 {[%emt 0:00:00]} h5 {[%emt 0:01:17]} 44. g4 {[%emt 0:00:00]} hxg4 {[%emt 0:00:21]} 45. Kg3 {[%emt 0:00:00]} Ne4+ {[%emt 0:01:23]} 46. Kxg4 {[%emt 0:00:00]} Ke6 {[%emt 0:00:28]} 47. h4 {[%emt 0:00:00]} Nf2+ {[%emt 0:00:59]} 48. Kg5 {[%emt 0:00:00]} Kf7 {[%emt 0:00:06]} 49. h5 {[%emt 0:02:31]} Ne4+ {[%emt 0:00:32]} 50. Kh6 {[%emt 0:00:34]} gxh5 {[%emt 0:00:12]} 51. Kxh5 {[%emt 0:00:03]} Ke6 {[%emt 0:00:14]} 52. Kg6 {[%emt 0:01:14]} Ng3 {[%emt 0:00:25]} 53. Kg5 {[%emt 0:00:52]} Ne4+ {[%emt 0:00:47]} 54. Kg4 {[%emt 0:00:14]} Nf2+ {[%emt 0:00:11]} 55. Kf3 {[%emt 0:00:12]} Nd3 {[%emt 0:00:21]} 56. Ke2 {[%emt 0:00:40]} Nxe5 {[%emt 0:00:15]} 57. fxe5 {[%emt 0:00:19]} Kxe5 {[%emt 0:00:04]} 58. Kd2 {[%emt 0:00:18]} Ke4 {[%emt 0:00:05]} 59. Ke2 {[%emt 0:00:08]} Ke5 {[%emt 0:00:02]} 60. Kf3 {[%emt 0:00:01]} Kf5 {[%emt 0:00:11]} 61. e4+ {[%emt 0:00:03]} Ke5 {[%emt 0:00:13]} 62. Ke3 {[%emt 0:00:06]} Ke6 {[%emt 0:00:09]} 63. Ke2 {[%emt 0:00:12]} Ke5 {[%emt 0:00:09]} 64. Kd3 {[%emt 0:00:08]} Ke6 {[%emt 0:00:06]} 65. Kd4 {[%emt 0:00:14]} Kd6 {[%emt 0:00:05]} 66. e5+ {[%emt 0:00:22]} Ke6 {[%emt 0:00:09]} 67. Ke4 {[%emt 0:00:11]} Ke7 {[%emt 0:00:10]} 68. Kd3 {[%emt 0:00:21]} Ke6 {[%emt 0:00:13]} 69. Kd4 {[%emt 0:00:01]} Ke7 {[%emt 0:00:08]} 70. Kd5 {[%emt 0:00:20]} Kd7 {[%emt 0:00:05]} 71. Kc5 {[%emt 0:00:12]} Ke6 {[%emt 0:00:11]} 72. Kd4 {[%emt 0:00:16]} Ke7 {[%emt 0:00:05]} 73. Kd5 {[%emt 0:00:09]} Kd7 {[%emt 0:00:05]} 74. e6+ {[%emt 0:00:12]} Ke7 {[%emt 0:00:05]} 75. Ke5 {[%emt 0:01:24]} Ke8 {[%emt 0:00:05]} 76. Kd6 {[%emt 0:00:13]} Kd8 {[%emt 0:00:05]} 77. e7+ {[%emt 0:00:10]} Ke8 {[%emt 0:00:03]} 78. Ke6 {[%emt 0:00:10]} 1/2-1/2

[Event "Bruges Masters 2019"]
[Site "Bruges"]
[Date "2019.08.14"]
[Round "7.11"]
[White "Jicman, Ligia-Letitia"]
[Black "Decrop, Benjamin"]
[Result "0-1"]
[WhiteElo "2078"]
[BlackElo "2183"]
[Annotator "ChessBase"]
[PlyCount "52"]
[EventDate "2019.08.11"]
[EventType "swiss"]
[EventCountry "BEL"]
[SourceTitle "playchess.com"]
[Source "ChessBase"]
[SourceQuality "1"]
[TimeControl "5400+30"]

1. e4 {[%emt 0:00:20]} c5 {[%emt 0:00:00]} 2. c3 {[%emt 0:00:03]} Nf6 {[%emt 0:00:00]} 3. e5 {[%emt 0:00:05]} Nd5 {[%emt 0:00:00]} 4. d4 {[%emt 0:00:03]} cxd4 {[%emt 0:00:00]} 5. Nf3 {[%emt 0:00:04]} e6 {[%emt 0:00:00]} 6. cxd4 {[%emt 0:00:08]} d6 {[%emt 0:00:00]} 7. a3 {[%emt 0:00:20]} Nc6 {[%emt 0:00:06]} 8. Bd3 {[%emt 0:00:46]} g6 {[%emt 0:00:08]} 9. exd6 {[%emt 0:01:14]} Qxd6 {[%emt 0:01:49]} 10. Nc3 {[%emt 0:02:37]} Bg7 {[%emt 0:02:29]} 11. O-O {[%emt 0:07:41]} O-O {[%emt 0:01:05]} 12. Bc2 {[%emt 0:02:18]} Nxc3 {[%emt 0:15:29]} 13. bxc3 {[%emt 0:00:17]} b6 {[%emt 0:00:04]} 14. a4 {[%emt 0:04:46]} Rd8 {[%emt 0:00:39]} 15. Ng5 {[%emt 0:07:21]} Bb7 {[%emt 0:25:34]} 16. Qf3 {[%emt 0:01:30]} Qc7 {[%emt 0:03:46]} 17. Qh3 {[%emt 0:00:28]} h6 {[%emt 0:00:47]} 18. Ne4 {[%emt 0:00:19]} Nxd4 {[%emt 0:01:12]} 19. Bb1 {[%emt 0:22:00]} Ne2+ {[%emt 0:01:06]} 20. Kh1 {[%emt 0:00:39]} Nxc1 {[%emt 0:00:07]} 21. Rxc1 {[%emt 0:00:07]} Rac8 {[%emt 0:02:43]} 22. Qe3 {[%emt 0:13:08]} Bxe4 {[%emt 0:09:00]} 23. Bxe4 {[%emt 0:00:10]} Qc5 {[%emt 0:00:02]} 24. Qe2 {[%emt 0:04:22]} Qe5 {[%emt 0:03:50]} 25. Ra3 {[%emt 0:11:42]} Qf4 {[%emt 0:07:00]} 26. Rc2 {[%emt 0:06:01]} Qxe4 {[%emt 0:00:09]} 0-1